00537nam a22001937a 4500003000500000005001700005008004100022010001000063011001000073035001000083040000900093110005000102245003600152260005200188300001900240490003200259650002000291830003200311CHAP20220329135628.0971013s1967 r 00010 d a39599 a40571 a44697 cCHAP aE.U.A. Bureau of Sport Fisheries and Wildlife aNational wildlife refuges, 1966 aWashington :bGovernment Printing Office,c1967 a28 p.b: ilus. aResources publicationv; 3214aVida silvestre.0 aResources publicationv; 32